000 00800nam a22002657a 4500
999 _c46502
_d46502
001 20149
003 CO-MdFUSB
005 20180622073202.0
008 180427t1993 enk||||| |||| 00| 0 eng d
020 _a0-7162-0493-2
040 _aCO-MdFUSB
_bspa
_cCO-MdFUSB
_dCO-MdFUSBC
_erda
041 _aeng
082 0 4 _aG 228.07 R68r
100 1 _aRowland, Christopher
_eautor
245 0 _aRevelation
_c / Christopher Rowland
264 4 _aLondon :
_b Epworth Press,
_c©1993
300 _a166 páginas
336 _2rdacontent
_atexto
_btxt
337 _2rdamedia
_asin mediación
_bn
338 _2rdacarrier
_avolumen
_bnc
501 _aRústico
505 0 0 _aIntroducción a Apocalipsis - Comentario sobre el texto de Apocalipsis
653 _aBiblia N.T. - Apocalipsis - Comentarios
942 _cBK